000 01669 a2200289 4500
999 _c10948
_d10948
020 _a0415201698
050 0 0 _aQ180
_bCOL 1999
100 1 _aColeman, Samuel,
_d1946-
_eauthor
245 1 0 _aJapanese science :
_bfrom the inside /
_cSamuel Coleman.
264 _aNew York :
_bRoutledge,
_c1999
300 _axv, 214 pages :
_billustrations ;
336 _2rdacontent
_atext
_btxt
337 _2rdamedia
_aunmediated
_bn
338 _2 rdacarrier
_avolume
_bnc
440 0 _aRoutledge studies in the growth economies of Asia ;
504 _aIncludes bibliographical references (p. 196-206) and index.
505 _aThe university status quo -- A government research institute -- The Protein Engineering Research Institute -- The Osaka Bioscience Institute and new career patterns -- OBI as window on the scientist-government relationship -- Gender -- The obstacles to change -- The unique and the particular
520 _a"This new ethnographic study of Japan's scientists looks firsthand at the career structures and organizational issues that have hampered their advancement. It provides and analysis of the problem of career mobility in science, the status quo in laboratories, as well as the problems encountered by women scientists"--Publisher description
650 0 _aScience
_xResearch
650 0 _aScientists
651 _aJapan
700 _aSamuel Coleman
_eauthor
856 4 2 _3Publisher description
_uhttp://www.loc.gov/catdir/enhancements/fy0649/99027363-d.html
942 _2lcc
_cBK
_h180
_iCOL
_kQ